2024年パリオリンピックの参加国・地域 - Statistics

General Stats
  • This quiz has been taken 156 times
  • The average score is 130 of 206
Answer Stats
国・地域 % Correct
日本
91%
フランス
89%
韓国
89%
中国
88%
インド
86%
ウクライナ
86%
オーストラリア
85%
ドイツ
84%
イギリス
84%
インドネシア
84%
オランダ
84%
エジプト
83%
ニュージーランド
83%
オーストリア
82%
ブラジル
82%
カナダ
82%
イタリア
82%
モンゴル
82%
トルコ
82%
アメリカ合衆国
82%
ノルウェー
81%
ポルトガル
81%
スペイン
81%
タイ
81%
フィンランド
80%
イラン
80%
イスラエル
80%
メキシコ
80%
北朝鮮
80%
スウェーデン
80%
アルゼンチン
79%
イラク
79%
アイルランド
79%
カザフスタン
79%
マレーシア
79%
ミャンマー
79%
パキスタン
79%
南アフリカ
79%
ベルギー
78%
チリ
78%
アイスランド
78%
カンボジア
77%
ポーランド
77%
サウジアラビア
76%
スイス
76%
トルクメニスタン
76%
ウルグアイ
76%
ベトナム
76%
アフガニスタン
74%
コロンビア
74%
シンガポール
74%
ラオス
73%
ナイジェリア
73%
カタール
73%
チェコ
72%
デンマーク
72%
ギリシャ
72%
ルクセンブルク
72%
フィリピン
72%
スロバキア
72%
アラブ首長国連邦
72%
ウズベキスタン
72%
アゼルバイジャン
71%
ケニア
71%
ラトビア
71%
モロッコ
71%
オマーン
71%
パラグアイ
71%
アルジェリア
70%
クロアチア
70%
キューバ
70%
エストニア
70%
ヨルダン
70%
キルギス
70%
ペルー
70%
ボリビア
69%
中央アフリカ
69%
マダガスカル
69%
ネパール
69%
ルーマニア
69%
スーダン
69%
アンゴラ
68%
アルメニア
68%
バーレーン
68%
バングラデシュ
68%
ガーナ
68%
コートジボワール
68%
リビア
68%
スリランカ
68%
赤道ギニア
67%
ジョージア
67%
ハンガリー
67%
リトアニア
67%
スロベニア
67%
ソマリア
67%
シリア
67%
エクアドル
66%
パナマ
66%
チュニジア
66%
ブータン
65%
ブルガリア
65%
コンゴ民主共和国
65%
ギニア
65%
セネガル
65%
セルビア
65%
南スーダン
65%
エチオピア
64%
マリ
64%
モーリタニア
64%
モナコ
64%
北マケドニア
64%
コンゴ共和国
64%
キプロス
63%
ジャマイカ
63%
クウェート
63%
タジキスタン
63%
ベネズエラ
63%
コスタリカ
62%
香港
62%
リヒテンシュタイン
62%
イエメン
62%
アルバニア
61%
アルバ
61%
ドミニカ共和国
61%
東ティモール
61%
ザンビア
61%
アンドラ
60%
ホンジュラス
60%
サンマリノ
60%
ツバル
60%
ブルネイ
59%
ガイアナ
59%
パプアニューギニア
59%
サモア
59%
ジンバブエ
59%
モンテネグロ
57%
シエラレオネ
57%
タンザニア
57%
トンガ
57%
ドミニカ国
56%
グアテマラ
56%
レソト
56%
マルタ
56%
モザンビーク
56%
ニジェール
56%
トーゴ
56%
チャド
55%
エスワティニ
55%
ギニアビサウ
55%
レバノン
55%
モルディブ
55%
モルドバ
55%
ナミビア
55%
ボツワナ
54%
カメルーン
54%
エリトリア
54%
フィジー
54%
ハイチ
54%
コソボ
54%
リベリア
54%
ボスニア・ヘルツェゴビナ
53%
ガボン
53%
キリバス
53%
ナウル
53%
ニカラグア
53%
スリナム
53%
パレスチナ
52%
エルサルバドル
51%
セントビンセント・グレナディーン
51%
ベナン
50%
ジブチ
50%
ガンビア
50%
モーリシャス
50%
パラオ
50%
トリニダード・トバゴ
50%
セーシェル
49%
バヌアツ
49%
アンティグア・バーブーダ
48%
ベリーズ
48%
カーボベルデ
48%
セントルシア
48%
マラウイ
47%
ブルキナファソ
46%
コモロ
46%
ルワンダ
46%
サントメ・プリンシペ
46%
ソロモン諸島
46%
ウガンダ
46%
バハマ
45%
バルバドス
45%
プエルトリコ
45%
ブルンジ
44%
チャイニーズタイペイ
44%
セントクリストファー・ネイビス
44%
ミクロネシア連邦
43%
マーシャル諸島
43%
クック諸島
40%
グレナダ
39%
グアム
29%
難民
22%
アメリカ領サモア
18%
バミューダ
17%
ケイマン諸島
16%
イギリス領ヴァージン諸島
15%
アメリカ領ヴァージン諸島
14%
個人の中立選手
7%
No matching quizzes found
Score Distribution
Percent of People with Each Score
Percentile by Number Answered
Your Score History
You have not taken this quiz